WWE Royal Rumble Men's Winners Quiz (Current through 2026) - Statistics

General Stats
  • This quiz has been taken 313 times
    116 since last reset
  • The average score is 21 of 28
Answer Stats
YEAR EN Answer % Correct
2023, 2024 30 Cody Rhodes
89%
2025 20 Jey Uso
89%
2008, 2013 19 John Cena
88%
2003, 2022 30 Brock Lesnar
85%
2015 19 Roman Reigns
85%
2019 10 Seth Rollins
83%
2002, 2016 30 Triple H
83%
2010, 2021 1 Edge
82%
2007 30 The Undertaker
82%
1990, 1991 24 Hulk Hogan
81%
2009, 2017 23 Randy Orton
81%
1995, 1996 18 Shawn Michaels
80%
2020 16 Drew McIntyre
78%
2006 2 Rey Mysterio
78%
1997, 1998, 2001 27 "Stone Cold" Steve Austin
78%
2000 24 The Rock
78%
2005, 2014 28 Batista
75%
2012 22 Sheamus
72%
1994 27 Bret Hart
70%
1999 2 Vince McMahon
69%
2011 38 Alberto Del Rio
68%
2004 1 Chris Benoit
68%
2018 14 Shinsuke Nakamura
68%
1988 13 "Hacksaw" Jim Duggan
63%
1994 23 Lex Luger
63%
1992 3 Ric Flair
60%
1993 27 Yokozuna
58%
1989 27 Big John Studd
56%
No matching quizzes found
Score Distribution
Percent of People with Each Score
Percentile by Number Answered
Your Score History
You have not taken this quiz since the last reset